[Event "Krefeld op"]
[Site "Krefeld"]
[Date "2023.08.05"]
[Round "6"]
[White "Wenzke, Elias"]
[Black "Clijsen, Mark"]
[Result "1/2-1/2"]
[WhiteElo "1810"]
[BlackElo "2125"]
[PlyCount "47"]
[EventDate "2023.08.02"]
[EventType "swiss"]
[EventRounds "9"]
[EventCountry "GER"]
[SourceTitle "CBM 215 Extra"]
[Source "ChessBase"]
[SourceDate "2023.09.30"]
[SourceVersion "1"]
[SourceVersionDate "2023.09.30"]
[SourceQuality "1"]

1. d4 d5 2. c4 Bf5 3. cxd5 Bxb1 4. Rxb1 Qxd5 5. a3 Nc6 6. e3 0-0-0 7. Ne2 Qh5 8. g4 Qg6 9. Nc3 h5 10. Bd3 Qxg4 11. Qxg4+ hxg4 12. Bf5+ e6 13. Bxg4 Nf6 14. Bf3 Bd6 15. h3 e5 16. d5 Ne7 17. e4 Nh5 18. b4 Nf4 19. Nb5 Kb8 20. Nxd6 cxd6 21. Bxf4 exf4 22. Rc1 Ng6 23. Kd2 Rc8 24. Bg4 1/2-1/2

[Event "Krefeld op"]
[Site "Krefeld"]
[Date "2023.08.03"]
[Round "2"]
[White "Esser, Julian"]
[Black "Clijsen, Mark"]
[Result "1/2-1/2"]
[WhiteElo "1708"]
[BlackElo "2125"]
[PlyCount "65"]
[EventDate "2023.08.02"]
[EventType "swiss"]
[EventRounds "9"]
[EventCountry "GER"]
[SourceTitle "CBM 215 Extra"]
[Source "ChessBase"]
[SourceDate "2023.09.30"]
[SourceVersion "1"]
[SourceVersionDate "2023.09.30"]
[SourceQuality "1"]

1. e4 e6 2. d4 d5 3. exd5 exd5 4. Bd3 Nc6 5. Ne2 Bd6 6. Nbc3 Nge7 7. Bf4 Nb4 8. Bb5+ c6 9. Ba4 Bf5 10. Qd2 a5 11. a3 Na6 12. Bxd6 Qxd6 13. Ng3 0-0 14. Nce2 Nc7 15. c3 Bg6 16. Nf4 Ne6 17. Nxe6 fxe6 18. 0-0 Nc8 19. Rfe1 Nb6 20. Bb3 a4 21. Ba2 Rae8 22. Re2 Qf4 23. Rae1 Qxd2 24. Rxd2 Rf6 25. h3 Kf7 26. Nf1 Ke7 27. Nh2 Bh5 28. Re5 Rf5 29. Re3 Rf7 30. Re5 Rf5 31. Re3 Rf7 32. Re5 Rf5 33. Re3 1/2-1/2

[Event "Krefeld op"]
[Site "Krefeld"]
[Date "2022.08.07"]
[Round "6"]
[White "Keller, Peter1111"]
[Black "Clijsen, Mark"]
[Result "1-0"]
[WhiteElo "2377"]
[BlackElo "2156"]
[PlyCount "49"]
[EventDate "2022.08.04"]
[EventType "swiss"]
[EventRounds "9"]
[EventCountry "GER"]
[SourceTitle "CBM 209 Extra"]
[Source "ChessBase"]
[SourceDate "2022.09.30"]
[SourceVersion "1"]
[SourceVersionDate "2022.09.30"]
[SourceQuality "1"]

1. e4 e6 2. d4 d5 3. Nc3 Nf6 4. Bg5 Be7 5. e5 Nfd7 6. h4 c5 7. Bxe7 Qxe7 8. Nb5 0-0 9. Nc7 cxd4 10. Nxa8 f6 11. Qxd4 Nc6 12. Qd2 fxe5 13. 0-0-0 Nf6 14. f3 Qd6 15. h5 Bd7 16. h6 g6 17. Qg5 Kf7 18. Nh3 Rxa8 19. Nf2 Rc8 20. Bd3 Qc5 21. Ng4 Nxg4 22. fxg4 Qe7 23. Bxg6+ Kg8 24. Bf7+ Kh8 25. Qg7# 1-0

[Event "Krefeld op"]
[Site "Krefeld"]
[Date "2022.08.04"]
[Round "1"]
[White "Boscher, Hans"]
[Black "Clijsen, Mark"]
[Result "0-1"]
[WhiteElo "1579"]
[BlackElo "2156"]
[PlyCount "60"]
[EventDate "2022.08.04"]
[EventType "swiss"]
[EventRounds "9"]
[EventCountry "GER"]
[SourceTitle "CBM 209 Extra"]
[Source "ChessBase"]
[SourceDate "2022.09.30"]
[SourceVersion "1"]
[SourceVersionDate "2022.09.30"]
[SourceQuality "1"]

1. e4 e6 2. d4 d5 3. Nd2 Nf6 4. e5 Nfd7 5. Bd3 c5 6. c3 Nc6 7. Ne2 cxd4 8. cxd4 f6 9. f4 fxe5 10. dxe5 Nc5 11. Nb3 Nxb3 12. Qxb3 Bc5 13. Bd2 Qb6 14. Qxb6 Bxb6 15. 0-0-0 Bd7 16. Kb1 0-0-0 17. Rc1 Kb8 18. Nc3 Ne7 19. g4 h5 20. h3 Bc6 21. Rhf1 hxg4 22. hxg4 Rh3 23. Bc2 Rh2 24. Rcd1 d4 25. Na4 Bg2 26. Nxb6 Bxf1 27. Bb4 Nc6 28. Bd6+ Rxd6 29. exd6 Be2 30. Rd2 Rh1+ 0-1

[Event "Terre degli Elimi op 4th"]
[Site "Erice"]
[Date "2013.07.27"]
[Round "5"]
[White "Clijsen, Mark"]
[Black "Konijn, Bart"]
[Result "1/2-1/2"]
[WhiteElo "2159"]
[BlackElo "2264"]
[PlyCount "57"]
[EventDate "2013.07.24"]
[EventType "swiss"]
[EventRounds "7"]
[EventCountry "ITA"]
[SourceTitle "EXT 2015"]
[Source "ChessBase"]
[SourceDate "2014.11.20"]
[SourceVersion "1"]
[SourceVersionDate "2014.11.20"]
[SourceQuality "1"]

1. d4 d5 2. Bg5 h6 3. Bh4 c6 4. Nf3 Qb6 5. Qc1 Nd7 6. Nbd2 g5 7. Bg3 g4 8. Ne5 Qxd4 9. c3 Qa4 10. Nd3 Bg7 11. Bc7 c5 12. c4 d4 13. b4 Qc6 14. Bg3 e5 15. Nb3 b6 16. bxc5 bxc5 17. Qa3 h5 18. h3 h4 19. Bh2 e4 20. Nf4 g3 21. fxg3 hxg3 22. Bxg3 Ne7 23. Bh2 a5 24. g4 d3 25. Rb1 Bc3+ 26. Kd1 Rb8 27. Bg2 Ne5 28. exd3 Qd6 29. Bxe4 1/2-1/2

[Event "Terre degli Elimi op 4th"]
[Site "Erice"]
[Date "2013.07.26"]
[Round "4"]
[White "Clijsen, Mark"]
[Black "Lo Pinto, Giovanni"]
[Result "1-0"]
[WhiteElo "2159"]
[BlackElo "1948"]
[PlyCount "27"]
[EventDate "2013.07.24"]
[EventType "swiss"]
[EventRounds "7"]
[EventCountry "ITA"]
[SourceTitle "EXT 2015"]
[Source "ChessBase"]
[SourceDate "2014.11.20"]
[SourceVersion "1"]
[SourceVersionDate "2014.11.20"]
[SourceQuality "1"]

1. d4 Nf6 2. Nf3 d5 3. c4 c6 4. Nc3 e6 5. cxd5 exd5 6. Qc2 h6 7. Bf4 Bd6 8. Bg3 Bxg3 9. hxg3 Qb6 10. 0-0-0 Na6 11. a3 Qc7 12. e4 b6 13. exd5 cxd5 14. Bxa6 1-0

[Event "Terre degli Elimi op 4th"]
[Site "Erice"]
[Date "2013.07.25"]
[Round "2"]
[White "Clijsen, Mark"]
[Black "Arnaudov, Petar G"]
[Result "0-1"]
[WhiteElo "2159"]
[BlackElo "2487"]
[PlyCount "44"]
[EventDate "2013.07.24"]
[EventType "swiss"]
[EventRounds "7"]
[EventCountry "ITA"]
[SourceTitle "EXT 2015"]
[Source "ChessBase"]
[SourceDate "2014.11.20"]
[SourceVersion "1"]
[SourceVersionDate "2014.11.20"]
[SourceQuality "1"]

1. d4 Nf6 2. Nf3 c5 3. e3 g6 4. c4 Bg7 5. Be2 0-0 6. 0-0 cxd4 7. exd4 d5 8. c5 Nc6 9. Bf4 Bg4 10. Nc3 Ne4 11. Ne5 Bxe2 12. Nxc6 Bxd1 13. Nxd8 Nxc3 14. bxc3 Be2 15. Nxb7 Bxf1 16. Kxf1 Rfe8 17. Bg3 e5 18. Nd6 Re6 19. Rb1 exd4 20. c6 Bf8 21. c7 Bxd6 22. Bxd6 dxc3 0-1

[Event "NED-chT 1213"]
[Site "Netherlands"]
[Date "2013.04.06"]
[Round "8.8"]
[White "Clijsen, Mark"]
[Black "Willemze, Thomas"]
[Result "0-1"]
[WhiteElo "2172"]
[BlackElo "2387"]
[PlyCount "54"]
[EventDate "2012.09.15"]
[EventType "team-tourn"]
[EventRounds "9"]
[EventCountry "NED"]
[SourceTitle "EXT 2014"]
[Source "ChessBase"]
[SourceDate "2013.11.20"]
[SourceVersion "1"]
[SourceVersionDate "2013.11.20"]
[SourceQuality "1"]
[WhiteTeam "De Stukkenjagers"]
[BlackTeam "Utrecht"]
[WhiteTeamCountry "NED"]
[BlackTeamCountry "NED"]

1. d4 d5 2. c4 e6 3. cxd5 exd5 4. Nc3 Nf6 5. Bg5 Bb4 6. Qb3 c5 7. e3 Nc6 8. Nf3 c4 9. Qc2 h6 10. Bxf6 Qxf6 11. 0-0-0 Bxc3 12. bxc3 Bf5 13. Qa4 0-0 14. Qb5 Rfd8 15. Rd2 Rd6 16. Rb2 a6 17. Qb6 Nd8 18. Qc5 Rc8 19. Qa5 Rcc6 20. Ne5 Rb6 21. Be2 Rxb2 22. Kxb2 Rb6+ 23. Ka1 Rb5 24. Qa3 Qh4 25. g4 Be4 26. f3 Qxh2 27. Rxh2 Rb1# 0-1

[Event "Leiden Noteboom Memorial-A 73rd"]
[Site "Leiden"]
[Date "2013.02.09"]
[Round "3"]
[White "Clijsen, Mark"]
[Black "Coene, Igor"]
[Result "0-1"]
[WhiteElo "2164"]
[BlackElo "2168"]
[PlyCount "84"]
[EventDate "2013.02.08"]
[EventType "swiss"]
[EventRounds "6"]
[EventCountry "NED"]
[SourceTitle "CBM 152 Extra"]
[Source "ChessBase"]
[SourceDate "2013.02.25"]
[SourceVersion "1"]
[SourceVersionDate "2013.02.25"]
[SourceQuality "1"]

1. d4 d5 2. Nf3 Nf6 3. c4 e6 4. cxd5 exd5 5. Nc3 Be7 6. Bg5 Nbd7 7. e3 Nf8 8. Bd3 Ne6 9. Bh4 0-0 10. 0-0 g6 11. Bg3 c6 12. Rb1 Ng7 13. b4 a6 14. Na4 Ne4 15. Bxe4 dxe4 16. Nd2 h5 17. h3 h4 18. Be5 f6 19. Bh2 f5 20. Nc4 b5 21. Nab6 Be6 22. Nxa8 Bxc4 23. Nc7 f4 24. Qc2 Qxc7 25. Qxe4 Bxf1 26. Kxf1 Nf5 27. Bxf4 Bd6 28. Bxd6 Qxd6 29. Kg1 Qf6 30. Rb2 Ne7 31. a3 Nd5 32. Rc2 Kg7 33. Qg4 Rf7 34. Qc8 Rc7 35. Qxa6 Qd6 36. Rc5 Qf6 37. Qa8 Rf7 38. Rc2 Nxe3 39. fxe3 Qf1+ 40. Kh2 Qe1 41. Qb8 Rf1 42. Qe5+ Kh7 0-1

[Event "NED-chT 1213"]
[Site "Netherlands"]
[Date "2012.10.06"]
[Round "2.10"]
[White "Clijsen, Mark"]
[Black "Verhoeven, Tom"]
[Result "0-1"]
[WhiteElo "2172"]
[BlackElo "2187"]
[PlyCount "92"]
[EventDate "2012.09.15"]
[EventType "team-tourn"]
[EventRounds "9"]
[EventCountry "NED"]
[SourceTitle "CBM 150 Extra"]
[Source "ChessBase"]
[SourceDate "2012.10.19"]
[SourceVersion "1"]
[SourceVersionDate "2012.10.19"]
[SourceQuality "1"]
[WhiteTeam "De Stukkenjagers"]
[BlackTeam "Calder HMC"]
[WhiteTeamCountry "NED"]
[BlackTeamCountry "NED"]

1. d4 d5 2. Bg5 h6 3. Bh4 c6 4. e3 Qb6 5. Nd2 Qxb2 6. Bd3 e6 7. Ngf3 Be7 8. 0-0 Bxh4 9. Nxh4 Nf6 10. f4 Nbd7 11. c4 Qa3 12. Qe2 Qe7 13. Nhf3 0-0 14. Rac1 c5 15. Bb1 b6 16. Ne5 Bb7 17. g4 Nxe5 18. dxe5 Ne4 19. Nxe4 dxe4 20. Rcd1 Rad8 21. Qg2 Rxd1 22. Rxd1 Rd8 23. Bc2 Rxd1+ 24. Bxd1 Qd7 25. Bc2 Bc6 26. h3 a6 27. Bxe4 Qd1+ 28. Kh2 Bxe4 29. Qxe4 Qd2+ 30. Kg3 b5 31. Qa8+ Kh7 32. Qe4+ g6 33. f5 Qe1+ 34. Kg2 Qd2+ 35. Kg3 Qd7 36. fxg6+ fxg6 37. h4 Kg7 38. h5 gxh5 39. gxh5 Qf7 40. cxb5 axb5 41. Qc6 c4 42. a4 bxa4 43. Qxc4 a3 44. Qa4 Qxh5 45. Qxa3 Qxe5+ 46. Kf3 Qf5+ 0-1

[Event "NED-chT 1112"]
[Site "Netherlands"]
[Date "2011.09.17"]
[Round "1.10"]
[White "Van der Wijk, Wim L"]
[Black "Clijsen, Mark"]
[Result "0-1"]
[WhiteElo "2148"]
[BlackElo "2179"]
[PlyCount "75"]
[EventDate "2011.09.17"]
[EventType "team-tourn"]
[EventRounds "9"]
[EventCountry "NED"]
[SourceTitle "CBM 144 Extra"]
[Source "ChessBase"]
[SourceDate "2011.10.28"]
[SourceVersion "1"]
[SourceVersionDate "2011.10.28"]
[SourceQuality "1"]
[WhiteTeam "Hilversum HSG"]
[BlackTeam "De Stukkenjagers"]
[WhiteTeamCountry "NED"]
[BlackTeamCountry "NED"]

1. d4 d5 2. c4 e6 3. Nf3 Nf6 4. g3 Be7 5. Bg2 0-0 6. 0-0 Nbd7 7. Qc2 a6 8. Nbd2 c5 9. cxd5 Nxd5 10. a3 cxd4 11. Nxd4 Bf6 12. N4b3 Be7 13. Nc4 a5 14. Ne3 a4 15. Nxd5 exd5 16. Nd4 Nb6 17. Rd1 Be6 18. Bd2 Qd7 19. Bc3 Bf6 20. Qd3 Bh3 21. Bh1 Bg4 22. Re1 Bh5 23. Rad1 Bg6 24. Qb5 Qxb5 25. Nxb5 Bxc3 26. Nxc3 Nc4 27. Nxd5 Nxb2 28. Rd4 Rae8 29. e4 b5 30. Nc7 Rb8 31. Na6 Rbc8 32. Nb4 Nc4 33. Nd5 Rfe8 34. Rc1 Kf8 35. Rc3 Ne5 36. Rxc8 Rxc8 37. f4 Nc4 38. f5 0-1

[Event "Geraardsbergen op 27th"]
[Site "Geraardsbergen"]
[Date "2011.08.12"]
[Round "3"]
[White "Clijsen, Mark"]
[Black "De Groof, Maurice"]
[Result "1-0"]
[WhiteElo "2179"]
[BlackElo "1819"]
[PlyCount "59"]
[EventDate "2011.08.11"]
[EventType "swiss"]
[EventRounds "9"]
[EventCountry "BEL"]
[SourceTitle "CBM 144 Extra"]
[Source "ChessBase"]
[SourceDate "2011.10.28"]
[SourceVersion "1"]
[SourceVersionDate "2011.10.28"]
[SourceQuality "1"]

1. d4 Nf6 2. Bg5 h6 3. Bxf6 exf6 4. e3 d5 5. c4 Be6 6. Nc3 c6 7. cxd5 cxd5 8. g3 Nd7 9. Bg2 Nb6 10. Nge2 g5 11. 0-0 Be7 12. Na4 0-0 13. Nc5 Bxc5 14. dxc5 Nd7 15. b4 f5 16. Bxd5 Rb8 17. Bxe6 fxe6 18. Qd6 Qe8 19. Rad1 Rf7 20. Nd4 Nf8 21. Nf3 Rd7 22. Qe5 Rxd1 23. Rxd1 Rd8 24. Rxd8 Qxd8 25. Nd4 Qe8 26. Nxf5 Qd7 27. Nxh6+ Kh7 28. Qxg5 Qd1+ 29. Kg2 Ng6 30. Ng4 1-0

[Event "Tilburg op"]
[Site "Tilburg"]
[Date "2008.08.??"]
[Round "?"]
[White "Clijsen, Mark"]
[Black "Wiley, Tom E"]
[Result "1/2-1/2"]
[WhiteElo "2138"]
[BlackElo "2299"]
[PlyCount "59"]
[EventDate "2008.08.22"]
[EventType "swiss"]
[EventRounds "6"]
[EventCountry "NED"]
[SourceTitle "CBM 126 Extra"]
[Source "ChessBase"]
[SourceDate "2008.11.05"]
[SourceVersion "1"]
[SourceVersionDate "2008.11.05"]
[SourceQuality "1"]

1. d4 f5 2. e4 fxe4 3. Nc3 Nf6 4. Bg5 Nc6 5. d5 Ne5 6. Qd4 Nf7 7. Bxf6 gxf6 8. 0-0-0 c6 9. Qxe4 Qb6 10. f4 d6 11. Nf3 f5 12. Qd4 Bd7 13. Re1 Qxd4 14. Nxd4 Bg7 15. Ne6 Bxe6 16. Rxe6 Rf8 17. Bc4 Kd7 18. Re3 Bh6 19. g3 Ne5 20. Bd3 Ng6 21. Kd1 Bg7 22. Bc4 Rac8 23. dxc6+ Kxc6 24. Be6 Rcd8 25. Nd5 Bxb2 26. Rd3 Bg7 27. Ne3 Bf6 28. Kd2 b6 29. Nxf5 Rh8 30. Nh6 1/2-1/2

[Event "Maastricht Limburg op"]
[Site "Maastricht"]
[Date "2008.05.12"]
[Round "6"]
[White "Clijsen, Mark"]
[Black "Kodentsov, Grigori"]
[Result "1/2-1/2"]
[WhiteElo "2122"]
[BlackElo "2275"]
[PlyCount "52"]
[EventDate "2008.05.09"]
[EventType "swiss"]
[EventRounds "7"]
[EventCountry "NED"]
[SourceTitle "EXT 2009"]
[Source "ChessBase"]
[SourceDate "2008.11.26"]
[SourceVersion "1"]
[SourceVersionDate "2008.11.26"]
[SourceQuality "1"]

1. d4 Nf6 2. Bg5 Ne4 3. Bf4 c5 4. f3 Qa5+ 5. c3 Nf6 6. d5 Qb6 7. b3 e6 8. e4 exd5 9. exd5 Bd6 10. Bg5 Be7 11. Na3 d6 12. Bb5+ Bd7 13. Bxd7+ Nbxd7 14. Ne2 Qd8 15. 0-0 0-0 16. Nc4 b5 17. Bxf6 Nxf6 18. Ne3 Qd7 19. Qd3 Rfe8 20. Rae1 Bf8 21. c4 b4 22. g4 g6 23. Ng3 Bh6 24. Ng2 Rxe1 25. Rxe1 Re8 26. Ne4 Nxe4 1/2-1/2

[Event "Tilburg Stukkenjagers op-A"]
[Site "Tilburg"]
[Date "2006.08.20"]
[Round "5"]
[White "Van Haastert, Edwin"]
[Black "Clijsen, Mark"]
[Result "1-0"]
[WhiteElo "2395"]
[BlackElo "2148"]
[PlyCount "87"]
[EventDate "2006.08.18"]
[EventType "swiss"]
[EventRounds "6"]
[EventCountry "NED"]
[SourceTitle "CBM 113 Extra"]
[Source "ChessBase"]
[SourceDate "2006.09.14"]
[SourceVersion "1"]
[SourceVersionDate "2006.09.14"]
[SourceQuality "1"]

1. e4 e6 2. d4 d5 3. Nc3 Nf6 4. e5 Nfd7 5. f4 c5 6. Nf3 Nc6 7. Be3 cxd4 8. Nxd4 Bc5 9. Qd2 a6 10. 0-0-0 0-0 11. Nb3 Bb4 12. Bd3 b5 13. g4 Bb7 14. Rhg1 Na5 15. Bd4 Qc7 16. Nxa5 Bxa5 17. Qf2 Bb6 18. Bxb6 Qxb6 19. Qh4 Qe3+ 20. Kb1 g6 21. g5 Rfc8 22. Rg3 Qf2 23. Rf1 Qd2 24. Rh3 Nf8 25. Nd1 d4 26. Nf2 Bg2 27. Ne4 Bxe4 28. Bxe4 Ra7 29. Qe1 Qxe1+ 30. Rxe1 Nd7 31. Rd3 Rc4 32. b3 Rc3 33. Rxd4 Rac7 34. Rd3 Kf8 35. Red1 Ke7 36. Rxc3 Rxc3 37. Kb2 Rh3 38. Bc6 Nc5 39. Rd2 h6 40. gxh6 Rxh6 41. Ka3 a5 42. Bxb5 Rh4 43. Rd4 g5 44. Rc4 1-0

[Event "NED-chT 0506"]
[Site "Netherlands"]
[Date "2005.11.05"]
[Round "3.8"]
[White "Groffen, Hans"]
[Black "Clijsen, Mark"]
[Result "1-0"]
[WhiteElo "2210"]
[BlackElo "2104"]
[PlyCount "81"]
[EventDate "2005.09.24"]
[EventType "team"]
[EventRounds "9"]
[EventCountry "NED"]
[SourceTitle "EXT 2007"]
[Source "ChessBase"]
[SourceDate "2006.11.23"]
[SourceVersion "1"]
[SourceVersionDate "2006.11.23"]
[SourceQuality "1"]
[WhiteTeam "Sas van Gent"]
[BlackTeam "Tilburg"]
[WhiteTeamCountry "NED"]
[BlackTeamCountry "NED"]

1. d4 d5 2. c4 Bf5 3. Nc3 e6 4. Nf3 c6 5. Qb3 Qb6 6. c5 Qc7 7. Bf4 Qc8 8. e3 Nf6 9. h3 Be7 10. Be2 Nbd7 11. Rc1 Ne4 12. Nxe4 Bxe4 13. 0-0 Bd8 14. Nd2 Bg6 15. Qc3 Bc7 16. Bxc7 Qxc7 17. f4 0-0 18. b4 a6 19. a4 f6 20. Bg4 Rfe8 21. Qb3 Nf8 22. Rf2 e5 23. fxe5 fxe5 24. Rcf1 e4 25. Rb1 Ne6 26. Bxe6+ Rxe6 27. b5 axb5 28. axb5 h6 29. bxc6 bxc6 30. Qb7 Qxb7 31. Rxb7 Ra1+ 32. Nf1 Re8 33. Rc7 Re6 34. Rc8+ Be8 35. g4 h5 36. g5 Kh7 37. Rc7 Re1 38. Rf6 Rxf6 39. gxf6 Re2 40. Rxg7+ Kh8 41. f7 1-0